| 000 | 00717nam a2200217Ia 4500 | ||
|---|---|---|---|
| 008 | 101110s9999 xx 000 0 und d | ||
| 041 | _aENGLISH | ||
| 082 | _bJR5835 | ||
| 100 | _aVanchharajani K.S., Jain A.K., Nagvekar Kunti G. & others | ||
| 245 | _aRangparis a new course in organisation of commerce and management Std. XI | ||
| 260 |
_c2006 _bNeelkanth Publishing House, Mumbai |
||
| 300 | _a292 | ||
| 365 | _b59 | ||
| 520 | _aCommerce | ||
| 546 | _aENGLISH | ||
| 630 | _aRangparis a new course in organisation of commerce and management Std. XI | ||
| 650 | _aCommerce | ||
| 655 | _aCommerce | ||
| 730 | _aRangparis a new course in organisation of commerce and management Std. XI | ||
| 942 | _cBOOK | ||
| 999 |
_c796629 _d796626 |
||